| 000 | 00506nam a22001817a 4500 | ||
|---|---|---|---|
| 999 |
_c18885 _d18885 |
||
| 003 | AR-CdUCM | ||
| 008 | 190515b ||||| |||| 00| 0 spa d | ||
| 040 |
_aMUNICIPALIDAD PROVINCIAL DEL CUSCO _cBIBLIOTECA MUNICIPAL DEL CUSCO |
||
| 082 |
_a869.85 / _bP842 |
||
| 100 |
_aPortals Zubiate, Gonzalo _939787 |
||
| 245 | _aPiedecuesta / | ||
| 260 |
_aLima : _bPetroPerú, _c1993. |
||
| 300 |
_a160 páginas ; _c21 cm. |
||
| 505 | _aPoesía. | ||
| 650 |
_aPoesía. _9139 |
||
| 942 |
_2ddc _cLIBROS |
||
| 945 | _awfj | ||